000
00235nam a2200097Ia 4500
008
230508s2000 xx 000 0 und d
041
_a
eng
100
_a
MALVINO BROWN
245
_a
DIGITAL COMPUTER ELECTRONIC
260
_b
TATA MCG
_c
2000
999
_c
332118
_d
332118